00322nam a2200109Ia 4500008004100000041000800041082002600049100001700075245007400092260003700166300000900203230411s9999 xx 000 0 und d aeng aF/610.7302/COR/B07277 aCorreia Cecy aPrinciples and Practice of Nursing Art of Nursing Procedures Volume 1 bJaypee BrothersaNew Delhic2013 a592p